ბათუმის შოთა რუსთაველის სახელმწიფო უნივერსიტეტის ბიბლიოთეკა

მექანიზმების თეორია და მანქანათა ნაწილები : სახელმძღვ. / (ბიბ.ჩანაწერი № 37406)

000 -ლიდერი
ფიქსირებული სიგრძის საკონტროლო ველი 01092nam a2200241Ia 4500
001 - საკონტროლო ნომერი
საკონტროლო ველი 3365
003 - საკონტროლო ნომრის იდენტიფიკატორი
საკონტროლო ველი GE_BSU
005 - ბოლო ოპერაციის თარიღი და დრო
საკონტროლო ველი 20190605204340.0
008 - ფიქსირებული სიგრძის მონაცემთა ელემენტები - ზოგადი ინფორმაცია
ფიქსირებული სიგრძის საკონტროლო ველი 181216s1967 ge |||||||||||||| ||geo||
040 ## - კატალოგიზაციის წყარო
Transcribing agency GE_BSU
041 ## - ენის კოდი
Language code of text/sound track or separate title geo
080 ## - უნივერსალური ათობითი კლასიფიკაციის ინდექსი
Universal Decimal Classification number 621.01(075.8) ქ–16
100 ## - მთავარი ჩანაწერი - პიროვნების სახელი
Personal name ქათამაძე, დ.
9 (RLIN) 2201
245 ## - ცნობა სათაურის შესახებ
Title მექანიზმების თეორია და მანქანათა ნაწილები : სახელმძღვ. /
Statement of responsibility, etc დ. ქათამაძე ; დ. ჭელიძე ; რედ : ჩ. გურგენიძე.
250 ## - გამოცემის ცნობა
Edition statement მე-2 შევს. და გადამუშ. გამოც.
264 ## - წარმოების, გამოცემის, დისტრიბუციის და სხვა ცნობები
გამოცემის, წარმოების, დისტრიბუციის... ადგილი თბილისი :
გამოცემის, წარმოების, დისტრიბუციის... სახელწოდება განათლება,
გამოცემის, წარმოების, დისტრიბუციის... თარიღი 1967.
300 ## - ფიზიკური აღწერა
Extent 386 გვ .:
Other physical details ილ ;
Dimensions 22 სმ.
653 ## - INDEX TERM--UNCONTROLLED
Uncontrolled term მექანიზმების თეორია
653 ## - INDEX TERM--UNCONTROLLED
Uncontrolled term მანქანათა ნაწილები
700 ## - ADDED ENTRY--PERSONAL NAME
Personal name ჭელიძე, დ
9 (RLIN) 2202
700 ## - ADDED ENTRY--PERSONAL NAME
Personal name გურგენიძე, ჩ
Relator term რედაქტორი
9 (RLIN) 2203
942 ## - ADDED ENTRY ELEMENTS (KOHA)
Koha item type წიგნი
Source of classification or shelving scheme
ეგზემპლარები
ჩამოწერის სტატუსი დაკარგული ეგზემპლარის სტატუსი კლასიფიკაციის წყარო ან თაროზე გაწყობის სქემა დაზიანების სტატუსი არ გაიცემა მუდმივი მდებარეობა (დაცვის ადგილი) ამჟამინდელი ადგილსამყოფელი თაროზე განთავსების ადგილი შეძენის თარიღი ღირებულება, შესყიდვის ნორმალური ფასი სრული შენახვის შიფრი შტრიხკოდი ბოლო ოპერაციის თარიღი ეგზემპლარის მიმდევრობითი ნომერი (კეტერი?) ფასის ძალაში შესვლის თარიღი ეგზემპლარის სახეობა საჯარო შენიშვნა
          ტექნოლოგიური ფაკულტეტის ბიბლიოთეკა ტექნოლოგიური ფაკულტეტის ბიბლიოთეკა წიგნსაცავი 2018-12-17 2.00 621.01(075.8) ქ–16 10515 2018-12-17 10515 2018-12-17 წიგნი 2 ლ. 20 თ.
          ტექნოლოგიური ფაკულტეტის ბიბლიოთეკა ტექნოლოგიური ფაკულტეტის ბიბლიოთეკა წიგნსაცავი 2018-12-17 2.00 621.01(075.8) ქ–16 10516 2018-12-17 10516 2018-12-17 წიგნი 2 ლ. 20 თ.
          ტექნოლოგიური ფაკულტეტის ბიბლიოთეკა ტექნოლოგიური ფაკულტეტის ბიბლიოთეკა წიგნსაცავი 2018-12-17 2.00 621.01(075.8) ქ–16 10517 2018-12-17 10517 2018-12-17 წიგნი 2 ლ. 20 თ.